<?xml version="1.0" encoding="UTF-8"?>
<record
    xmlns:xsi="http://www.w3.org/2001/XMLSchema-instance"
    xsi:schemaLocation="http://www.loc.gov/MARC21/slim http://www.loc.gov/standards/marcxml/schema/MARC21slim.xsd"
    xmlns="http://www.loc.gov/MARC21/slim">

  <leader>03488nab a2200433 i 4500</leader>
  <controlfield tag="001">69236</controlfield>
  <controlfield tag="003">FINmELB</controlfield>
  <controlfield tag="005">20241217142950.0</controlfield>
  <controlfield tag="006">m     o  u        </controlfield>
  <controlfield tag="007">cr cn|||||||||</controlfield>
  <controlfield tag="008">230522c20059999mx tr p  o    0    0spa d</controlfield>
  <datafield tag="022" ind1=" " ind2=" ">
    <subfield code="a">1405-2091</subfield>
  </datafield>
  <datafield tag="035" ind1=" " ind2=" ">
    <subfield code="a">(OCoLC)1385418705</subfield>
  </datafield>
  <datafield tag="040" ind1=" " ind2=" ">
    <subfield code="a">FINmELB</subfield>
    <subfield code="b">spa</subfield>
    <subfield code="e">rda</subfield>
    <subfield code="c">FINmELB</subfield>
  </datafield>
  <datafield tag="050" ind1=" " ind2="4">
    <subfield code="a">RA452.T53</subfield>
    <subfield code="b">S268 2005</subfield>
  </datafield>
  <datafield tag="080" ind1=" " ind2=" ">
    <subfield code="a">614(720.81)</subfield>
  </datafield>
  <datafield tag="082" ind1="0" ind2="4">
    <subfield code="a">362.1097247</subfield>
    <subfield code="2">23</subfield>
  </datafield>
  <datafield tag="100" ind1="1" ind2=" ">
    <subfield code="a">Santos Padron, Hilda,</subfield>
    <subfield code="e">autor.</subfield>
  </datafield>
  <datafield tag="245" ind1="1" ind2="0">
    <subfield code="a">Satisfacci&#xF3;n por surtimiento de recetas de usuarios y no usuarios del Seguro Popular en Tabasco /</subfield>
    <subfield code="c">Hilda Santos-Padr&#xF3;n, Jaime Mier y Ter&#xE1;n-Su&#xE1;rez, Clara M. Mart&#xED;nez-Hern&#xE1;ndez, Sara&#xED; Aguilar- Barojas.</subfield>
  </datafield>
  <datafield tag="264" ind1=" " ind2="1">
    <subfield code="a">Villahermosa, M&#xE9;xico :</subfield>
    <subfield code="b">Secretar&#xED;a de Salud del Estado de Tabasco,</subfield>
    <subfield code="c">2005.</subfield>
  </datafield>
  <datafield tag="310" ind1=" " ind2=" ">
    <subfield code="a">Cuatrimestral</subfield>
  </datafield>
  <datafield tag="336" ind1=" " ind2=" ">
    <subfield code="a">texto</subfield>
    <subfield code="b">txt</subfield>
    <subfield code="2">rdacontent/spa</subfield>
  </datafield>
  <datafield tag="337" ind1=" " ind2=" ">
    <subfield code="a">computadora</subfield>
    <subfield code="b">c</subfield>
    <subfield code="2">rdamedia/spa</subfield>
  </datafield>
  <datafield tag="338" ind1=" " ind2=" ">
    <subfield code="a">recurso en l&#xED;nea</subfield>
    <subfield code="b">cr</subfield>
    <subfield code="2">rdacarrier/spa</subfield>
  </datafield>
  <datafield tag="520" ind1=" " ind2=" ">
    <subfield code="a">Objetivo. Comparar el &#xED;ndice de satisfacci&#xF3;n por surtimiento de recetas de usuarios afiliados y no al seguro popular en las unidades de atenci&#xF3;n primaria a la salud del Estado de Tabasco. Material y M&#xE9;todos. Encuesta aplicada a una muestra probabil&#xED;stica de 362 usuarios en 36 Centros Avanzados de Atenci&#xF3;n Primaria de la Secretar&#xED;a de Salud, en los 17 municipios del Estado de Tabasco, en el mes de junio de 2004. El cuestionario inclu&#xED;a datos generales y cinco preguntas con respuestas semi-cerradas. Se procesaron con el paquete Minitab.&#xAE; Se utiliz&#xF3; la prueba de chi2 para probar la asociaci&#xF3;n. Resultados. 69% de los entrevistados estaban afiliados al seguro popular, 31% no. El n&#xFA;mero de medicamentos recetados no tuvo asociaci&#xF3;n con la afiliaci&#xF3;n o no al seguro popular (p &gt; 0.05). Al 82% de los afiliados y al 83% de los no afiliados se les surti&#xF3; su receta completamente en la farmacia de la unidad. La relaci&#xF3;n de los medicamentos recetados con los medicamentos surtidos no se vi&#xF3; influida por el tipo de afiliaci&#xF3;n. Con respecto a la satisfacci&#xF3;n por el surtimiento de los medicamentos, el 85% de los afiliados respondieron que estaban muy satisfechos y satisfechos, mientras que un 84% de los no afiliados respondieron lo mismo (p&gt;0.05). En ambos grupos los porcentajes son similares para los medianamente satisfechos e insatisfechos. Conclusi&#xF3;n. No hay diferencia estad&#xED;stica entre: los medicamentos surtidos y el nivel de satisfacci&#xF3;n, en los usuarios y no del Seguro Popular en el Estado de Tabasco.</subfield>
  </datafield>
  <datafield tag="588" ind1=" " ind2=" ">
    <subfield code="a">Descripci&#xF3;n basada en Salud en Tabasco, vol. 11, n&#xFA;m. 1 y 2 (ene.-abr., may.-ago. 2005), P. 327-332.</subfield>
  </datafield>
  <datafield tag="588" ind1=" " ind2=" ">
    <subfield code="a">Descripci&#xF3;n basada en metadatos suministrados por el editor y otras fuentes.</subfield>
  </datafield>
  <datafield tag="590" ind1=" " ind2=" ">
    <subfield code="a">Recurso electr&#xF3;nico. Santa Fe, Arg.: elibro, 2023. Disponible v&#xED;a World Wide Web. El acceso puede estar limitado para las bibliotecas afiliadas a elibro.</subfield>
  </datafield>
  <datafield tag="650" ind1=" " ind2="4">
    <subfield code="a">Satisfacci&#xF3;n de usuarios.</subfield>
  </datafield>
  <datafield tag="650" ind1=" " ind2="4">
    <subfield code="a">Seguro popular.</subfield>
  </datafield>
  <datafield tag="650" ind1=" " ind2="4">
    <subfield code="a">Surtimiento de receta.</subfield>
  </datafield>
  <datafield tag="655" ind1=" " ind2="4">
    <subfield code="a">Art&#xED;culos.</subfield>
  </datafield>
  <datafield tag="700" ind1="1" ind2=" ">
    <subfield code="a">Mier y Ter&#xE1;n-Su&#xE1;rez, Jaime,</subfield>
    <subfield code="e">autor.</subfield>
  </datafield>
  <datafield tag="700" ind1="1" ind2=" ">
    <subfield code="a">Mart&#xED;nez-Hern&#xE1;ndez, Clara M.,</subfield>
    <subfield code="e">autor.</subfield>
  </datafield>
  <datafield tag="700" ind1="1" ind2=" ">
    <subfield code="a">Aguilar- Barojas, Sara&#xED;,</subfield>
    <subfield code="e">autor.</subfield>
  </datafield>
  <datafield tag="773" ind1="1" ind2=" ">
    <subfield code="t">Salud en Tabasco.</subfield>
    <subfield code="x">ISSN1405-2091</subfield>
    <subfield code="d">Villahermosa, M&#xE9;xico : Secretar&#xED;a de Salud del Estado de Tabasco</subfield>
    <subfield code="g">vol. 11, n&#xFA;m. 1 y 2 (ene.-abr., may.-ago. 2005), p. 327-332</subfield>
  </datafield>
  <datafield tag="797" ind1="2" ind2=" ">
    <subfield code="a">elibro, Corp.</subfield>
  </datafield>
  <datafield tag="856" ind1="4" ind2="0">
    <subfield code="u">https://elibro.net/ereader/politecnicointernacional/18711</subfield>
  </datafield>
  <datafield tag="999" ind1=" " ind2=" ">
    <subfield code="c">69236</subfield>
    <subfield code="d">69236</subfield>
  </datafield>
</record>
